| 000 | 03997cam a2200517 i 4500 | ||
|---|---|---|---|
| 001 | data | ||
| 005 | 20260322212105.0 | ||
| 008 | data | ||
| 035 | _a22310816 | ||
| 906 |
_a7 _bcbc _ccopycat _d2 _eepcn _f20 _gy-gencatlg |
||
| 925 | 0 |
_aacquire _b1 shelf copy _xpolicy default |
|
| 010 | _a 2021950728 | ||
| 015 |
_aGBC213695 _2bnb |
||
| 015 |
_aGBC213695. _2bnb |
||
| 016 | 7 |
_a020471648 _2Uk |
|
| 016 | 7 |
_a020471648. _2Uk |
|
| 020 |
_a0198852347 _q(hardcover) |
||
| 020 |
_a9780198852346 _q(hardcover) |
||
| 035 | _a(OCoLC)1286422790 | ||
| 040 |
_aYDX _beng _erda _cYDX _dDLC _dUKMGB _dOCLCO _dOCLCF _dOCLCO _dYDX _dMBB _dCDX _dUCL _dVGL _dKMS _dNLVRD _dGUL _dDLC |
||
| 042 | _alccopycat | ||
| 050 | 0 | 0 |
_aK3165 _b.L444 2022 |
| 082 | 0 | 4 |
_a342.02 _223 |
| 100 | 1 |
_aLenowitz, Jeffrey A., _eauthor. |
|
| 245 | 1 | 0 |
_aConstitutional ratification without reason / _cJeffrey A. Lenowitz. |
| 250 | _aFirst edition. | ||
| 264 | 1 |
_aNew York, NY, USA : _aNew York, NY, USA : _bOxford University Press, _c2022 |
|
| 264 | 4 | _c©2022 | |
| 300 |
_axiv, 379 pages ; _c25 cm |
||
| 336 |
_atext _btxt _2rdacontent |
||
| 337 |
_aunmediated _bn _2rdamedia |
||
| 338 |
_avolume _bnc _2rdacarrier |
||
| 490 | 1 | _aOxford constitutional theory | |
| 504 | _aIncludes bibliographical references (pages [323]-356) and indexes. | ||
| 505 | 0 | _aQuestioning ratification -- Ratification beyond (and before) constitutions -- The invention of constitutional ratification -- Making the constituent power speak -- The unalienable right of the Berkshire constitutionalists -- Ignorance and the constituent power -- Representation through accountability -- Legitimacy types and procedures -- Legitimation device -- Conclusion. | |
| 520 | _aThis volume focuses on constitutional ratification, the procedure in which a draft constitution is submitted by its creators to the people or their representatives in an up or down vote determining implementation. Ratification is increasingly common and routinely recommended by experts. Nonetheless, it is neither neutral nor inevitable. Constitutions can be made without it and when it is used it has significant effects. This raises the central question of the book: should ratification be recommended? Put another way: is there a reason for treating the procedure as a default for the constitution-making process? Surprisingly, these questions are rarely asked. The procedure's worth is assumed, not demonstrated, while ratification is generally overlooked in the literature. In fact, this is the first sustained study of ratification. To address these oversights, this book defines ratification and its types, explains the procedure's effects, conceptual origins, and history, and then concentrates on finding reasons for its use. Specifically, it builds up and analyzes the three most likely normative justifications. These urge the implementation of ratification because the procedure: enables the constituent power to make its constitution; fosters representation during constitution-making; or helps create a legitimate constitution. Ultimately, these justifications are found wanting, leading to the conclusion that ratification lacks a convincing, context-independent justification. Thus, until new arguments are developed, experts should not give recommendations for ratification as a matter of course, practitioners should not reach for it uncritically, and - more generally - one should avoid the blanket application of concepts from democratic theory to extraordinary contexts such as constitution-making. | ||
| 650 | 0 | _aConstitutions. | |
| 650 | 0 | _aConstitutional law. | |
| 650 | 6 | _aConstitutions. | |
| 650 | 6 | _aDroit constitutionnel. | |
| 650 | 7 |
_aconstitutions. _2aat |
|
| 650 | 7 |
_aConstitutional law. _2fast _0(OCoLC)fst00875797 |
|
| 650 | 7 |
_aConstitutions. _2fast _0(OCoLC)fst00875851 |
|
| 830 | 0 | _aOxford constitutional theory. | |
| 999 |
_c1538 _d1538 |
||